=LDR 00000nam 2200000 4500 =001 INLIS000000000048431 =005 20200313085711 =035 ##$$a 0010-111600000000010 =008 200313################g##########0#ind## =020 ##$$a 978-602-98757-2-0 =082 ##$$a 297.14 =090 ##$$a 297.14 $b Abu f =100 ##$$a Abu Malik Kamal Ibnu As Sayid Salim =245 1#$$a Fiqh sunnah wanita : $b Jilid 2 /$c Abu Malik Kamal Ibnu As Sayid Salim ; penerjemah Agus Faisal Karim =250 ##$$a cet.3 =260 ##$$a Depok :$b Madina Adisaputra,$c 2013 =300 ##$$a x, 400 hlm. ; $c 25 x 16 cm. =650 #4$$a Fiqih =084 ##$$a 297.14 ABU f =500 ##$$a Judul asli, Fiqhus sunnah iin nisa wama yajibu an ta'rifahu kullu muslimatin min ahkam =990 ##$$a 21601455 =990 ##$$a 21601456 =990 ##$$a 21601457 =990 ##$$a 21601458 =990 ##$$a 21601459